| 000 | 01066nam a2200325 i 4500 | ||
|---|---|---|---|
| 005 | 20220317001741.0 | ||
| 007 | ta | ||
| 008 | 170328s2015 ck gr 000 0 spa d | ||
| 020 | _a9789584237033 | ||
| 020 | _a9584237039 | ||
| 040 |
_aCO-BoRNBP _bspa _erda _cCO-BoRNBP |
||
| 041 | 1 |
_aspa _heng |
|
| 043 | _as-ck--- | ||
| 082 | 0 | 4 |
_a507.2 _bS13m _223 |
| 100 | 1 |
_aSagan, Carl, _d1934-1996, _eautor |
|
| 245 | 1 | 3 |
_aEl mundo y sus demonios _bla ciencia como una luz en la oscuridad _cCarl Sagan ; traducción de Dolors Udina |
| 250 | _aDécimanovena edición | ||
| 264 | 1 |
_aBogotá _bPlaneta _c2015 |
|
| 300 |
_a493 páginas _c23 cm |
||
| 336 |
_atexto _btxt _2rdacontent |
||
| 337 |
_asin mediación _bn _2rdamedia |
||
| 338 |
_avolumen _bnc _2rdacarrier |
||
| 500 | _aIncluye índice temático | ||
| 534 | _tThe demond-haunted world | ||
| 650 | 1 | 7 |
_aCiencia _vAnécdotas, Chistes, Sátiras, Etc _2ARMARC |
| 650 | 1 | 7 |
_aCiencia _xAspectos sociales _2ARMARC |
| 650 | 1 | 7 |
_aCiencia y civilización _2ARMARC |
| 700 | 1 |
_aUdina, Dolors, _etraductora _99072 |
|
| 942 |
_2ddc _cBK |
||
| 999 |
_c7963 _d7963 |
||